Sports Quiz

Random Sports Quiz

20 Passing TDs 2000s Quiz Stats

 Plays Quiz not verified by Sporcle

Score 0/139 Timer 06:00
0 Plays Today
Team/Year Player % Correct
NYG/2005Eli Manning
99.9%
NYG/2006Eli Manning
99.9%
NYG/2007Eli Manning
99.9%
NYG/2008Eli Manning
99.9%
NYG/2009Eli Manning
99.9%
NYG/2010Eli Manning
99.9%
IND/2000Peyton Manning
99.9%
IND/2001Peyton Manning
99.9%
IND/2002Peyton Manning
99.9%
IND/2003Peyton Manning
99.9%
IND/2004Peyton Manning
99.9%
IND/2005Peyton Manning
99.9%
IND/2006Peyton Manning
99.9%
IND/2007Peyton Manning
99.9%
IND/2008Peyton Manning
99.9%
IND/2009Peyton Manning
99.9%
IND/2010Peyton Manning
99.8%
GB/2000Brett Favre
99.7%
GB/2001Brett Favre
99.7%
GB/2002Brett Favre
99.7%
GB/2003Brett Favre
99.7%
GB/2004Brett Favre
99.7%
GB/2005Brett Favre
99.7%
GB/2007Brett Favre
99.7%
NYJ/2008Brett Favre
99.7%
MIN/2009Brett Favre
99.7%
NE/2002Tom Brady
99.5%
NE/2003Tom Brady
99.5%
NE/2004Tom Brady
99.5%
NE/2005Tom Brady
99.5%
NE/2006Tom Brady
99.5%
NE/2007Tom Brady
99.5%
NE/2009Tom Brady
99.5%
PHI/2000Donovan McNabb
99.3%
STL/2000Kurt Warner
99.3%
STL/2001Kurt Warner
99.3%
PHI/2001Donovan McNabb
99.3%
PHI/2004Donovan McNabb
99.3%
SD/2004Drew Brees
99.3%
SD/2005Drew Brees
99.3%
NO/2006Drew Brees
99.3%
NO/2007Drew Brees
99.3%
ARI/2007Kurt Warner
99.3%
NO/2008Drew Brees
99.3%
ARI/2008Kurt Warner
99.3%
PHI/2008Donovan McNabb
99.3%
NO/2009Drew Brees
99.3%
Team/Year Player % Correct
ARI/2009Kurt Warner
99.3%
PHI/2009Donovan McNabb
99.3%
NO/2010Drew Brees
99.3%
SD/2006Philip Rivers
99%
SD/2007Philip Rivers
99%
SD/2008Philip Rivers
99%
SD/2009Philip Rivers
99%
SD/2010Philip Rivers
98.9%
DAL/2007Tony Romo
98.8%
DAL/2008Tony Romo
98.8%
DAL/2009Tony Romo
98.8%
GB/2008Aaron Rodgers
98.4%
GB/2009Aaron Rodgers
98.4%
CIN/2005Carson Palmer
98.2%
CIN/2006Carson Palmer
98.2%
CIN/2007Carson Palmer
98.2%
CIN/2009Carson Palmer
98.2%
SEA/2003Matt Hasselbeck
97.8%
SEA/2004Matt Hasselbeck
97.8%
SEA/2005Matt Hasselbeck
97.8%
SEA/2007Matt Hasselbeck
97.8%
DEN/2007Jay Cutler
97.4%
DEN/2008Jay Cutler
97.4%
CHI/2009Jay Cutler
97.4%
PIT/2007Ben Roethlisberger
97.3%
PIT/2009Ben Roethlisberger
97.3%
ATL/2009Matt Ryan
96.6%
DEN/2009Kyle Orton
96.2%
MIN/2000Daunte Culpepper
96.1%
MIN/2003Daunte Culpepper
96.1%
MIN/2004Daunte Culpepper
96.1%
HOU/2009Matt Schaub
96.1%
NE/2008Matt Cassel
96%
BAL/2009Joe Flacco
95.8%
CAR/2004Jake Delhomme
95.2%
CAR/2005Jake Delhomme
95.2%
STL/2003Marc Bulger
93.8%
STL/2004Marc Bulger
93.8%
STL/2006Marc Bulger
93.8%
OAK/2000Rich Gannon
93.7%
OAK/2001Rich Gannon
93.7%
OAK/2002Rich Gannon
93.7%
ATL/2006Michael Vick
92.7%
TEN/2001Steve McNair
92.1%
TEN/2002Steve McNair
92.1%
TEN/2003Steve McNair
92.1%
KC/2002Trent Green
90.4%
Team/Year Player % Correct
KC/2003Trent Green
90.4%
KC/2004Trent Green
90.4%
WAS/2009Jason Campbell
90.4%
SF/2000Jeff Garcia
90.2%
SF/2001Jeff Garcia
90.2%
SF/2002Jeff Garcia
90.2%
NYG/2000Kerry Collins
89.4%
OAK/2004Kerry Collins
89.4%
OAK/2005Kerry Collins
89.4%
CLE/2007Derek Anderson
88.8%
BUF/2002Drew Bledsoe
87.5%
BUF/2004Drew Bledsoe
87.5%
DAL/2005Drew Bledsoe
87.5%
CHI/2006Rex Grossman
86.8%
TB/2002Brad Johnson
86.7%
TB/2003Brad Johnson
86.7%
NYJ/2002Chad Pennington
86.2%
NO/2001Aaron Brooks
85.4%
NO/2002Aaron Brooks
85.4%
NO/2003Aaron Brooks
85.4%
NO/2004Aaron Brooks
85.4%
JAC/2000Mark Brunell
85.2%
WAS/2005Mark Brunell
85.2%
CIN/2003John Kitna
84.6%
DET/2006John Kitna
84.6%
DEN/2004Jake Plummer
83.5%
NYJ/2000Vinny Testaverde
82.6%
PIT/2002Tommy Maddox
64.6%
DEN/2001Brian Griese
61.7%
TB/2004Brian Griese
61.7%
KC/2000Elvis Grbac
55.5%
MIA/2001Jay Fiedler
49.3%
NE/2010Tom Brady
20.4%
GB/2010Aaron Rodgers
17%
KC/2010Matt Cassel
16.5%
DEN/2010Kyle Orton
16.1%
CIN/2010Carson Palmer
13%
ATL/2010Matt Ryan
12.9%
BAL/2010Joe Flacco
12.8%
HOU/2010Matt Schaub
12.8%
JAC/2010David Garrard
11.6%
BUF/2010Ryan Fitzpatrick
11.3%
PHI/2010Michael Vick
10.5%
CHI/2010Jay Cutler
10.5%
TB/2010Josh Freeman
9.4%

You're not logged in!

Compare scores with friends on all Sporcle quizzes.
OR
Log In

Show Comments

Extras

Top Quizzes Today


Score Distribution

Your Account Isn't Verified!

In order to create a playlist on Sporcle, you need to verify the email address you used during registration. Go to your Sporcle Settings to finish the process.

Report this User

Report this user for behavior that violates our Community Guidelines.

Details: